000 00532nam a2200157 i 4500
001 60847
003 ES-MaACL
005 20230906164322.0
007 t|
008 031107s1965 sp ||||1| spa d
245 0 0 _aEstudio agrobiológico de la provincia de Cádiz.
260 _aSevilla :
_bCentro de Edafología y Biología Aplicada del Cuarto,
_c1965.
300 _aXXIV, 358 p., 61 lám. :
_bil., map. ;
_c21 cm.
710 2 _aCentro de Edafología y Biología Aplicada del Cuarto.
_92608
852 _aES-MaACL
_jC-27465
_bR.56463
999 _c60847
_d60847